| 000 | 00521nam a2200193 a 4500 | ||
|---|---|---|---|
| 005 | 20140310183505.0 | ||
| 008 | 100809s19uu xx 00 eng d | ||
| 020 | _a9781593859824 | ||
| 050 |
_aRB 127 _b.C384 2009 |
||
| 100 | _aCaudill, Margaret A. | ||
| 245 | _aManaging pain before it manages you. | ||
| 250 | _a3rd ed. | ||
| 260 |
_aNew York : _bThe Guilford Press, _c2009. |
||
| 300 |
_a255 p. : _bill. ; _c27 cm. |
||
| 521 | _aNUR | ||
| 650 |
_aPain _xPopular works. |
||
| 942 |
_cBK _2lcc _kFOR |
||
| 999 |
_c24027 _d24027 |
||